| 000 | 00584nam a22002297a 4500 | ||
|---|---|---|---|
| 001 | 27620 | ||
| 003 | UA-OsUOA | ||
| 005 | 20220626232238.0 | ||
| 007 | ta | ||
| 008 | 20040908b un ||||| |||| 00| 0 ukr d | ||
| 040 |
_aUA-OsUOA _brus _cUA-OsUOA _dUA-OsUOA |
||
| 041 | _arus | ||
| 044 | _aRU | ||
| 080 | _a78.032 | ||
| 090 |
_a78.032 _bР89 |
||
| 245 |
_aРусская музыкальная литература _cред. Э. Л. Фрид _nвып. 3 |
||
| 260 |
_aЛенинград _bМузыка _c1983 |
||
| 300 | _a344 с. | ||
| 650 | 7 | _2UDC | |
| 942 |
_cBK _2udc |
||
| 955 | _a0 | ||
| 999 |
_c313969 _d313969 |
||